000 00449nam a2200133 a 4500
008 120416s1981 xx |||||||||||||| || u
050 _aTS 205 Fei
100 _aFeirer, John Louis
245 1 0 _aTeacher's resources to accompany general metals
250 _a5th ed.
260 _c1981
350 _a0.00
995 _D0.00
_FCBU-MAIN LIBRARY (Kitwe)
_H1
_I3.96
_UDAMAGED
_ZMain Library Open Access Collection
999 _c59466
_d59466